Contribución al conocimiento de la biología reproductiva de Bombacopsis quinata (Jacq.) Dugand (Malvales: Bombacaceae) (Registro nro. 16163)

Detalles MARC
000 -CABECERA
Campo de control 004420000a22001210004500
090 ## - CLASIFICACIÓN LOCAL
Colección AS
Consecutivo Seriadas
041 0# - IDIOMA
Código de idioma para texto/pista de sonido o título separado
100 1# - ASIENTO PRINCIPAL--NOMBRE PERSONAL
Nombre personal Urueña Lozano, Hernán
245 10 - MENCION DE TITULO
Título Contribución al conocimiento de la biología reproductiva de Bombacopsis quinata (Jacq.) Dugand (Malvales: Bombacaceae)
700 1# - ASIENTO SECUNDARIO - NOMBRE PERSONAL
Nombre personal Rodríguez Melo, Miguel
773 1# - Item fuente:
Título Trianea
Datos de la serie Acta Científica y Tecnológica
Descripción física 2
Paginas del Articulo 265-275
Lugar, editorial y fecha de publicación 1988
942 ## - ELEMENTOS ADICIONALES (KOHA)
Tipo de ítem Artículo

No hay ítems disponibles.